Principle of educations in India / (Record no. 22958)

MARC details
000 -LEADER
fixed length control field 00905nam a22002297a 4500
008 - FIXED-LENGTH DATA ELEMENTS--GENERAL INFORMATION
fixed length control field 090204t xxu||||| |||| 00| 0 eng d
010 ## - LCCN (DPL NO)
LC control number ENG-92818
020 ## - INTERNATIONAL STANDARD BOOK NUMBER
Terms of availability 100.00
035 ## - SYSTEM CONTROL NUMBER
System control number EN-76351
037 ## - SOURCE OF ACQUISITION
Source of stock number/acquisition DBAD / PUB
040 ## - CATALOGING SOURCE
Original cataloging agency dpl
Language of cataloging English
082 ## - DEWEY DECIMAL CLASSIFICATION NUMBER
Classification number 370.954
100 ## - MAIN ENTRY--PERSONAL NAME
Personal name Vasanthakumar, G.K.
245 ## - TITLE STATEMENT
Title Principle of educations in India /
Statement of responsibility, etc by G.K. Vasanthakumar
260 ## - PUBLICATION, DISTRIBUTION, ETC. (IMPRINT)
Place of publication, distribution, etc Chennai
Name of publisher, distributor, etc Sidhartha Publications
Date of publication, distribution, etc 2007
270 ## - ADDRESS
Address Nat West Vijay Apartments, Kavery Block III, Floor, Flat-K-3B, 48, Velacherry, Tambaram Main Road,
City Chennai
Postal code 600100
300 ## - PHYSICAL DESCRIPTION
Extent 192p.
Dimensions 28cm (pbk)
500 ## - GENERAL NOTE
General note Includes references
650 ## - SUBJECT ADDED ENTRY--TOPICAL TERM
Topical term or geographic name as entry element Education
Geographic subdivision India.
942 ## - ADDED ENTRY ELEMENTS (KOHA)
Source of classification or shelving scheme Dewey Decimal Classification
Item type English Books
Call number suffix VAS
Classification part 370.954
Holdings
Withdrawn status Lost status Source of classification or shelving scheme Damaged status Not for loan Collection code Home library Current library Date acquired Source of acquisition Cost, normal purchase price Total Checkouts Full call number Barcode Date last seen Copy number Cost, replacement price Koha item type
    Dewey Decimal Classification   Not For Loan Non-fiction D.B.Act.Division D.B.Act.Division 04/02/2009 DBAD / PUB 100.00   370.954 VAS EN-76351 04/02/2009 1 100.00 English Books

© Delhi Public Library
Hit Counter
free hit counter